[Event "Roquebrune"]
[Site "Roquebrune"]
[Date "1992.??.??"]
[Round "?"]
[White "Polugaevsky, Lev"]
[Black "Karpov, Anatoly"]
[Result "0-1"]
[WhiteElo "2630"]
[BlackElo "2725"]
[PlyCount "66"]
[EventDate "1992.02.??"]
[Source "ChessBase"]

1. Nf3 Nf6 2. g3 d5 3. Bg2 e6 4. d3 c5 5. O-O Nc6 6. Nbd2 g6 7. e4 Bg7 8. Re1 b6 9. c3 Qc7 10. e5 Nd7 11. d4 cxd4 12. cxd4 Nb4 13. Re3 Qc2 14. Qf1 Ba6 15. Qe1 Nd3 16. Qf1 Nb4 17. Qe1 Rc8 18. Bf1 Nd3 19. Qe2 Nb4 20. Qe1 Bxf1 21. Qxf1 Qf5 22. Rc3 O-O 23. Qb5 Rxc3 24. bxc3 Nc2 25. Rb1 Nb8 26. Qb3 Qd3 27. Rb2 Na1 28. Qd1 Qxc3 29. Nb1 Qc4 30. Na3 Qa6 31. Rb4 Rc8 32. Bb2 Nc6 33. Ra4 Qb7 0-1

[Event "Interclubs Adultes"]
[Site "Evry FRA"]
[Date "2008.05.31"]
[Round "10.1"]
[White "Bologan, Viktor"]
[Black "Kasimdzhanov, Rustam"]
[Result "1-0"]
[WhiteElo "2665"]
[BlackElo "2681"]
[PlyCount "81"]
[EventDate "2008.05.29"]
[Source "www.chesslib.no"]
[SourceDate "2004.05.04"]

1. e4 e6 2. d3 d5 3. Nd2 c5 4. Ngf3 Nc6 5. g3 Bd6 6. Bg2 Nge7 7. O-O O-O 8. Re1 Bc7 9. c3 d4 10. Nb3 Bb6 11. e5 Na5 12. Ng5 Nxb3 13. axb3 Nf5 14. Be4 f6 15. exf6 Qxf6 16. Bg2 Bd7 17. c4 Rae8 18. Bf4 h6 19. Ne4 Qe7 20. Nd2 Nh4 21. Bxb7 Ng6 22. Be5 Rf5 23. f4 Nxe5 24. fxe5 Ref8 25. Be4 Rf2 26. Nf3 Rxb2 27. Ra3 Rxf3 28. Qxf3 Qg5 29. Rf1 Qe3+ 30. Qxe3 dxe3 31. Re1 Be8 32. Rxe3 Kf8 33. Rf3+ Ke7 34. Rf2 Rb1+ 35. Kg2 a5 36. Rfa2 g5 37. g4 a4 38. bxa4 Ba5 39. Rc2 h5 40. h3 h4 41. Raa2 1-0

[Event "It (open) (active) \\"]
[Site "?"]
[Date "2005.08.14"]
[Round "11"]
[White "Bacrot Etienne"]
[Black "Chuchelov Vladimir"]
[Result "1-0"]
[WhiteElo "2729"]
[BlackElo "2562"]
[PlyCount "83"]
[EventDate "2005.??.??"]
[Source "www.chesslib.no"]
[SourceDate "2004.05.04"]

1. Nf3 c5 2. g3 d5 3. Bg2 g6 4. O-O Bg7 5. d4 cxd4 6. Nxd4 Nc6 7. Nb3 Nf6 8. Nc3 e6 9. e4 d4 10. Nb5 e5 11. f4 O-O 12. fxe5 Ng4 13. N5xd4 Qb6 14. c3 Ncxe5 15. h3 Nf6 16. Be3 Nc4 17. Bf2 Qc7 18. Qe2 Bd7 19. g4 Rfe8 20. Rae1 Nd5 21. Qf3 Ne5 22. Qg3 Nb6 23. Nd2 Na4 24. Rb1 b5 25. Nc2 Be6 26. Nb4 Rad8 27. Bd4 Nb6 28. Qf2 Nbc4 29. Nxc4 Bxc4 30. Rfd1 Rd7 31. b3 Be6 32. Nd5 Bxd5 33. exd5 Bf8 34. Re1 Bd6 35. Re3 Rde7 36. Rbe1 Nd7 37. Rxe7 Rxe7 38. Rxe7 Bxe7 39. Qe3 Bf6 40. Bxf6 Qd6 41. Qd4 Nc5 42. c4 1-0

[Event "ROM-chT"]
[Site "Eforie Nord"]
[Date "2000.12.19"]
[Round "2"]
[White "Bologan, Viktor"]
[Black "Van Wely, Loek"]
[Result "1-0"]
[WhiteElo "2641"]
[BlackElo "2643"]
[PlyCount "80"]
[EventDate "2000.12.18"]
[Source "ChessBase"]
[SourceDate "2001.03.20"]

1. e4 e6 2. d3 c5 3. Nf3 Nc6 4. c3 d5 5. Qe2 Nge7 6. g3 g6 7. Bg2 Bg7 8. O-O b6 9. e5 h6 10. h4 Qc7 11. Re1 Bb7 12. Na3 a6 13. Nc2 Rc8 14. Bf4 Nf5 15. Rac1 a5 16. d4 O-O 17. Qd2 Qe7 18. Bf1 f6 19. Bh3 fxe5 20. Nxe5 Bxe5 21. Bxe5 g5 22. hxg5 Qxg5 23. Bf4 Qg6 24. Qd3 c4 25. Qe2 Rf6 26. Qg4 Rcf8 27. a4 h5 28. Qxg6+ Rxg6 29. Kh2 Nce7 30. Re2 Bc6 31. Ra1 Bd7 32. Bc7 Nc6 33. Rb1 Nh6 34. Bxb6 Ng4+ 35. Kg2 Rb8 36. Bc7 Rb7 37. Bf4 Ne7 38. Ne1 Nf5 39. Nf3 Bxa4 40. Ra1 Bb3 1-0

[Event "Novgorod"]
[Site "Novgorod"]
[Date "1995.??.??"]
[Round "6"]
[White "Ehlvest, Jaan"]
[Black "Jussupow, Artur"]
[Result "1/2-1/2"]
[WhiteElo "2615"]
[BlackElo "2660"]
[PlyCount "69"]
[EventDate "1995.05.??"]
[Source "ChessBase"]

1. e4 e6 2. Qe2 c5 3. Nf3 Nc6 4. g3 g6 5. Bg2 Bg7 6. O-O Nge7 7. c3 d5 8. d3 h6 9. Na3 b6 10. h4 Ba6 11. e5 Qc7 12. Re1 O-O-O 13. Rb1 g5 14. hxg5 Ng6 15. gxh6 Bxe5 16. Nxe5 Ncxe5 17. c4 Nc6 18. Nc2 dxc4 19. dxc4 Bb7 20. Bg5 Rdg8 21. Qh5 Nce5 22. Qh1 Ng4 23. Ne3 Nxh6 24. Bxh6 Bxg2 25. Nxg2 Qc6 26. g4 Nf4 27. Bxf4 Rxh1+ 28. Kxh1 Qf3 29. Bg3 Rh8+ 30. Kg1 Qxg4 31. Re3 Qh3 32. Bh4 Qg4 33. Bg3 Qh3 34. Bh4 Qg4 35. Bg3 1/2-1/2

[Event "Milan"]
[Site "?"]
[Date "1975.??.??"]
[Round "6"]
[White "Ljubojevic, Ljubomir"]
[Black "Petrosian, Tigran V"]
[Result "1/2-1/2"]
[WhiteElo "2615"]
[BlackElo "2645"]
[PlyCount "38"]
[EventDate "1975.??.??"]
[Source "www.chesslib.no"]
[SourceDate "2004.05.04"]

1. e4 e6 2. d3 d5 3. Nd2 c5 4. Ngf3 Nc6 5. g3 Nge7 6. Bg2 g6 7. O-O Bg7 8. Re1 b6 9. a3 h6 10. Rb1 a5 11. h4 a4 12. exd5 exd5 13. Nf1 O-O 14. Bf4 Ra7 15. c3 Nf5 16. Rc1 Kh7 17. Rc2 Re8 18. Rxe8 Qxe8 19. Re2 Qd8 1/2-1/2

[Event "Amber-blind 7th"]
[Site "Monte Carlo"]
[Date "1998.03.16"]
[Round "4"]
[White "Van Wely, Loek"]
[Black "Sadler, Matthew"]
[Result "1-0"]
[WhiteElo "2605"]
[BlackElo "2650"]
[PlyCount "65"]
[EventDate "1998.03.13"]
[Source "ChessBase"]
[SourceDate "1998.04.29"]

1. Nf3 e6 2. g3 g6 3. Bg2 Bg7 4. O-O d5 5. d3 Ne7 6. Nbd2 c5 7. e4 Nbc6 8. Re1 b6 9. c3 Bb7 10. Qe2 h6 11. h4 Qd7 12. a3 Rd8 13. e5 g5 14. hxg5 hxg5 15. Nxg5 Nxe5 16. Ndf3 N7g6 17. d4 Nxf3+ 18. Nxf3 cxd4 19. cxd4 Rc8 20. Bd2 Rc7 21. Qd3 Kd8 22. Ng5 Re8 23. Bh3 Nf8 24. Rac1 Rxc1 25. Rxc1 f6 26. Nf3 Ke7 27. Bg4 a5 28. b4 a4 29. b5 f5 30. Bb4+ Kf6 31. Bh5 Rc8 32. Rxc8 Qxc8 33. Qe3 1-0

[Event "otb"]
[Site "otb"]
[Date "2007.04.28"]
[Round "1"]
[White "Movsesian Sergei"]
[Black "Laznicka Viktor"]
[Result "1-0"]
[WhiteElo "2642"]
[BlackElo "2608"]
[PlyCount "143"]
[Source "www.chesslib.no"]
[SourceDate "2004.05.04"]

1. Nf3 d5 2. g3 Nf6 3. Bg2 g6 4. O-O Bg7 5. d3 O-O 6. Nc3 c5 7. e4 Nc6 8. Nxd5 Nxd5 9. exd5 Qxd5 10. Nd2 Qd7 11. a4 Qc7 12. Ne4 b6 13. a5 Bb7 14. a6 Bc8 15. Re1 Bf5 16. Nc3 Rad8 17. Nd5 Qd7 18. Bg5 Rfe8 19. Qd2 f6 20. Bh6 Nd4 21. Bxg7 Kxg7 22. Ne3 Bh3 23. Bh1 e5 24. Qd1 h5 25. c3 Ne6 26. Qf3 Qf7 27. Rad1 Ng5 28. Qc6 Re6 29. Qa4 Red6 30. Qc2 Qd7 31. f4 exf4 32. gxf4 Ne6 33. Qf2 g5 34. fxg5 Nxg5 35. Be4 Bg4 36. Bg2 Bxd1 37. Nf5+ Kg6 38. Nxd6 Qg4 39. Qf5+ Qxf5 40. Nxf5 Kxf5 41. Rxd1 h4 42. Kf2 Kf4 43. Ra1 c4 44. d4 h3 45. Bh1 f5 46. Re1 Rd7 47. Re8 Rg7 48. Rh8 Ne4+ 49. Bxe4 Kxe4 50. Rxh3 b5 51. Re3+ Kf4 52. Rf3+ Ke4 53. h4 Rg6 54. Re3+ Kf4 55. d5 Rh6 56. Re7 Rxh4 57. Rxa7 Rh2+ 58. Ke1 Ke5 59. Ra8 Rh7 60. a7 Re7 61. Kd2 Kf4 62. d6 Rh7 63. Kc2 Rf7 64. Kb1 Kf3 65. Ka2 f4 66. Ka3 Kf2 67. Kb4 f3 68. Kxb5 Kf1 69. Kb6 f2 70. Rh8 Ke2 71. a8=Q f1=Q 72. Qe4+ 1-0

[Event "Calcutta 75/2"]
[Site "?"]
[Date "1999.??.??"]
[Round "?"]
[White "Fedorov, Alexei"]
[Black "Dolmatov, Sergey"]
[Result "1-0"]
[WhiteElo "2648"]
[BlackElo "2589"]
[PlyCount "71"]
[EventDate "1999.??.??"]
[Source "ChessBase"]
[SourceDate "1999.02.01"]

1. e4 e6 2. d3 c5 3. Nf3 Nc6 4. c3 d5 5. Qe2 Nge7 6. g3 g6 7. Bg2 Bg7 8. O-O b6 9. Na3 Ba6 10. e5 h6 11. h4 Qc7 12. Re1 b5 13. Nc2 b4 14. cxb4 cxb4 15. Bf4 Qb6 16. Qd2 h5 17. d4 Nf5 18. Bh3 Bc8 19. b3 Bd7 20. Rac1 a5 21. Bxf5 gxf5 22. Bg5 Na7 23. Bf6 Bxf6 24. exf6 Nb5 25. Qg5 O-O-O 26. Nxb4+ Kb7 27. Nd3 Nxd4 28. Nxd4 Qxd4 29. Red1 Kb6 30. Nc5 Qe5 31. Qg7 Bc6 32. Qxf7 d4 33. Na4+ Bxa4 34. bxa4 Qd6 35. Rb1+ Kc5 36. Qb7 1-0

[Event "10. Goodricke Int."]
[Site "?"]
[Date "1999.02.10"]
[Round "5"]
[White "Fedorov Alexei"]
[Black "Dolmatov Sergey V"]
[Result "1-0"]
[WhiteElo "2648"]
[BlackElo "2589"]
[PlyCount "73"]
[EventDate "1999.??.??"]
[Source "www.chesslib.no"]
[SourceDate "2004.05.04"]

1. e4 e6 2. d3 c5 3. Nf3 Nc6 4. c3 d5 5. Qe2 Nge7 6. g3 g6 7. Bg2 Bg7 8. O-O b6 9. Na3 Ba6 10. e5 h6 11. h4 Qc7 12. Re1 b5 13. Nc2 b4 14. cxb4 cxb4 15. Bf4 Qb6 16. Qd2 h5 17. d4 Nf5 18. Bh3 Bc8 19. b3 Bd7 20. Rac1 a5 21. Bxf5 gxf5 22. Bg5 Na7 23. Bf6 Bxf6 24. exf6 Nb5 25. Qg5 O-O-O 26. Nxb4+ Kb7 27. Nd3 Nxd4 28. Nxd4 Qxd4 29. Red1 Kb6 30. Nc5 Qe5 31. Qg7 Bc6 32. Qxf7 Rhf8 33. Qe7 d4 34. Na4+ Bxa4 35. bxa4 Qd6 36. Rb1+ Kc5 37. Qb7 1-0

[Event "Mind Sports Games - Rapid Ind KO"]
[Site "Pechino CINA"]
[Date "2008.10.08"]
[Round "2.2"]
[White "Fier, A."]
[Black "Zhang Zhong"]
[Result "0-1"]
[WhiteElo "2581"]
[BlackElo "2649"]
[PlyCount "198"]
[EventDate "2008.10.05"]
[Source "www.chesslib.no"]
[SourceDate "2004.05.04"]

1. e4 c5 2. Nf3 e6 3. d3 Nc6 4. g3 d5 5. Nbd2 Bd6 6. Bg2 Nge7 7. O-O O-O 8. Nh4 Bc7 9. f4 f6 10. f5 dxe4 11. dxe4 b6 12. c3 Ba6 13. Re1 exf5 14. exf5 Rb8 15. Qa4 Bb7 16. Qb3+ Rf7 17. Nc4 Ne5 18. Nxe5 Bxe5 19. Bxb7 Rxb7 20. Be3 Qd5 21. Rad1 Qxb3 22. axb3 Nc6 23. Nf3 Rfd7 24. Kf2 Kf7 25. g4 Bb8 26. h3 Na5 27. Nd2 Rd3 28. b4 cxb4 29. cxb4 Nc6 30. b5 Ne5 31. Ne4 Rbd7 32. Ke2 Rxd1 33. Rxd1 Rxd1 34. Kxd1 Nc4 35. Bc1 Be5 36. b3 Nd6 37. Nxd6+ Bxd6 38. Ke2 Ke7 39. Kd3 Kd7 40. Kc4 Be5 41. Kd5 Bc7 42. Ba3 Be5 43. h4 Bg3 44. h5 Bf4 45. Bf8 Bh6 46. Bd6 Be3 47. Bg3 Bg5 48. Bf2 Bf4 49. Be1 Bg5 50. Bb4 Bf4 51. Bf8 Bh6 52. Ke4 Ke8 53. Bd6 Kd7 54. Bb8 Kc8 55. Bg3 Kd7 56. Kd4 Bg5 57. Kd5 Bh6 58. Bh4 Be3 59. Ke4 Bd2 60. Kd5 Be3 61. Be1 Bg5 62. Bb4 Bf4 63. Bf8 Bh6 64. b4 Ke8 65. Bd6 Kd7 66. Bg3 Bg5 67. Ke4 Bd2 68. Kd3 Bxb4 69. h6 gxh6 70. Bf4 Bf8 71. Kc4 Bg7 72. Kd5 Bf8 73. Be3 Bg7 74. Bd4 Bh8 75. Bc3 Bg7 76. Bb2 Bh8 77. Bc1 Bg7 78. Bf4 Bf8 79. Bb8 Kc8 80. Bf4 Kd7 81. Bg3 Bg7 82. Bh4 Bh8 83. Bg3 Bg7 84. Kd4 Bf8 85. Ke4 Bd6 86. Bf2 Bf8 87. Kd5 Be7 88. Be3 Bf8 89. Bd4 Bg7 90. Ke4 Kd6 91. Kd3 Kd5 92. Kc3 Bh8 93. Kd3 Bg7 94. Bc3 Bh8 95. Bd4 Bg7 96. Be3 Bh8 97. Bd2 Bg7 98. Ke3 Kc5 99. Kf3 a5 0-1

[Event "Ch (Men) Krakow POL"]
[Site "?"]
[Date "2006.02.26"]
[Round "2"]
[White "Socko Bartosz"]
[Black "Kempinski Robert"]
[Result "1/2-1/2"]
[WhiteElo "2610"]
[BlackElo "2619"]
[PlyCount "23"]
[EventDate "2006.??.??"]
[Source "www.chesslib.no"]
[SourceDate "2004.05.04"]

1. g3 d5 2. Bg2 c5 3. Nf3 Nc6 4. O-O Nf6 5. d3 g6 6. Nbd2 Bg7 7. e4 O-O 8. a3 h6 9. Rb1 dxe4 10. Nxe4 Nxe4 11. dxe4 Qxd1 12. Rxd1 1/2-1/2

[Event "Open Aeroflot"]
[Site "Mosca RUS"]
[Date "2007.02.18"]
[Round "5"]
[White "Movsesian, S."]
[Black "Svetushkin, D."]
[Result "1/2-1/2"]
[WhiteElo "2637"]
[BlackElo "2588"]
[PlyCount "39"]
[EventDate "2007.02.14"]
[Source "www.chesslib.no"]
[SourceDate "2004.05.04"]

1. Nf3 d5 2. g3 c5 3. Bg2 Nc6 4. O-O e5 5. d3 f6 6. c3 Be6 7. a3 c4 8. b3 cxb3 9. Nbd2 Nh6 10. Qxb3 Qd7 11. a4 Be7 12. Ba3 Rc8 13. Bxe7 Nxe7 14. Rfc1 Nf7 15. c4 O-O 16. Qb5 Rc6 17. cxd5 Bxd5 18. Rxc6 Bxc6 19. Qb3 Kh8 20. Ne4 1/2-1/2

[Event "NED Team Ch f"]
[Site "?"]
[Date "1998.??.??"]
[Round "?"]
[White "Nijboer Friso"]
[Black "Lautier Joel"]
[Result "1/2-1/2"]
[WhiteElo "2580"]
[BlackElo "2645"]
[PlyCount "73"]
[EventDate "1998.??.??"]
[Source "www.chesslib.no"]
[SourceDate "2004.05.04"]

1. e4 c5 2. Nf3 e6 3. d3 Nc6 4. g3 Nge7 5. Bg2 g6 6. O-O Bg7 7. c3 d5 8. Qe2 b6 9. e5 h6 10. h4 Bb7 11. Re1 Qc7 12. Na3 a6 13. Bf4 Nf5 14. Rac1 Qe7 15. d4 cxd4 16. cxd4 O-O 17. Nc2 Rac8 18. Qd2 Kh7 19. Bf1 Rc7 20. Bd3 Rfc8 21. Kg2 Bf8 22. g4 Nxh4+ 23. Nxh4 Qxh4 24. f3 Nb4 25. Nxb4 Rxc1 26. Rxc1 Rxc1 27. Qxc1 Bxb4 28. Qc7 Qe7 29. Qxb6 a5 30. a3 Be1 31. Bg3 Bd2 32. f4 Bc8 33. Kf3 Qb7 34. Qc5 Qb3 35. Qc2 Qxc2 36. Bxc2 Ba6 37. a4 1/2-1/2

[Event "6. EICC"]
[Site "?"]
[Date "2005.06.29"]
[Round "11"]
[White "Nevednichy Vladislav"]
[Black "Navara David"]
[Result "1/2-1/2"]
[WhiteElo "2566"]
[BlackElo "2647"]
[PlyCount "96"]
[EventDate "2005.??.??"]
[Source "www.chesslib.no"]
[SourceDate "2004.05.04"]

1. e4 c5 2. Nf3 e6 3. d3 Nc6 4. g3 d5 5. Nbd2 Bd6 6. Bg2 Nge7 7. O-O b6 8. Nh4 Bb7 9. f4 Qd7 10. c3 Bc7 11. e5 O-O-O 12. Ndf3 d4 13. c4 f6 14. exf6 gxf6 15. Bd2 Ng6 16. a3 Nce7 17. b4 Bd6 18. bxc5 Bxc5 19. Bb4 Nxh4 20. Nxh4 Bxg2 21. Kxg2 Qc6+ 22. Qf3 Kd7 23. Rab1 Ng6 24. Nxg6 hxg6 25. h4 Rc8 26. Rfe1 f5 27. Re2 Rhe8 28. Qxc6+ Rxc6 29. g4 fxg4 30. Kg3 Ke7 31. Kxg4 Kf6 32. Re5 Rec8 33. Rg5 R6c7 34. Re5 Rc6 35. a4 Bxb4 36. Rxb4 Rc5 37. Rb5 R8c7 38. Kf3 Rxe5 39. Rxe5 Rh7 40. Kg4 Rc7 41. a5 bxa5 42. Rxa5 Rb7 43. Rb5 Rxb5 44. cxb5 Ke7 45. Kf3 Kd6 46. Kg4 Ke7 47. Kf3 Kd6 48. Kg4 Ke7 1/2-1/2

[Event "Yerevan"]
[Site "?"]
[Date "1996.??.??"]
[Round "?"]
[White "Svidler, P."]
[Black "Lputian, Smbat G"]
[Result "1/2-1/2"]
[WhiteElo "2630"]
[BlackElo "2580"]
[PlyCount "82"]
[EventDate "1996.??.??"]
[Source "ChessBase"]
[SourceDate "1996.06.01"]

1. e4 e6 2. d3 d5 3. Nd2 Nf6 4. Ngf3 c5 5. g3 Nc6 6. Bg2 g6 7. O-O Bg7 8. Qe2 O-O 9. Nb3 b6 10. e5 Nd7 11. Bf4 a5 12. c4 a4 13. Nbd2 a3 14. bxa3 Re8 15. Rac1 Bb7 16. Nb1 d4 17. h4 h6 18. Rfe1 Ra7 19. Rc2 Qa8 20. Qf1 Ne7 21. Nh2 Bxg2 22. Qxg2 Nc6 23. Rce2 g5 24. hxg5 hxg5 25. Bxg5 Ncxe5 26. f4 Qxg2+ 27. Kxg2 Nxd3 28. Rd1 b5 29. Rxd3 bxc4 30. Rd1 c3 31. f5 e5 32. Ng4 f6 33. Bc1 e4 34. Nxc3 dxc3 35. Bf4 Nb6 36. Rd6 Nc4 37. Nxf6+ Bxf6 38. Rxf6 Rd7 39. Re6 Rxe6 40. fxe6 Rd2 41. Kf2 Rxe2+ 1/2-1/2

[Event "Corr"]
[Site "?"]
[Date "1998.06.12"]
[Round "13"]
[White "Galvao Luiz Carlos"]
[Black "Umansky Mikhail Markovich ("]
[Result "1-0"]
[WhiteElo "2510"]
[BlackElo "2700"]
[PlyCount "71"]
[EventDate "1998.??.??"]
[Source "www.chesslib.no"]
[SourceDate "2004.05.04"]

1. Nf3 d5 2. g3 c5 3. Bg2 Nc6 4. d3 e5 5. O-O Nf6 6. Nbd2 Be7 7. e4 O-O 8. exd5 Nxd5 9. Re1 f6 10. c3 Nc7 11. Nb3 Bg4 12. h3 Bh5 13. Be3 b6 14. g4 Bf7 15. d4 exd4 16. cxd4 c4 17. Nfd2 b5 18. Bxc6 cxb3 19. Nxb3 Rb8 20. Bd2 Qd6 21. Rc1 Nd5 22. Rc5 Nc7 23. Be4 f5 24. Rxf5 g6 25. Bf4 Qb6 26. Rc5 Ne6 27. Bxb8 Qxb8 28. Rc2 Rd8 29. Bf5 gxf5 30. gxf5 Nf4 31. Rxe7 Nxh3+ 32. Kg2 Nf4+ 33. Kf1 Qd6 34. Qg4+ Kf8 35. Rcc7 Bc4+ 36. Kg1 1-0

[Event "It (Open) INT"]
[Site "?"]
[Date "2006.05.06"]
[Round "?"]
[White "Moskvin Vladimir"]
[Black "Savchenko Boris"]
[Result "0-1"]
[WhiteElo "2633"]
[BlackElo "2568"]
[PlyCount "66"]
[EventDate "2006.??.??"]
[Source "www.chesslib.no"]
[SourceDate "2004.05.04"]

1. Nf3 c5 2. g3 Nc6 3. Bg2 d5 4. O-O Bg4 5. d3 e6 6. Nbd2 Nf6 7. e4 Be7 8. h3 Bh5 9. Re1 O-O 10. exd5 Nxd5 11. c3 Bg6 12. Ne4 Qb6 13. Nfd2 Rad8 14. Nc4 Qc7 15. a4 b6 16. Qb3 Nf6 17. Qc2 Rd7 18. Nxf6+ Bxf6 19. Be4 Rfd8 20. Bf4 e5 21. Be3 Rxd3 22. Bxd3 Bxd3 23. Qb3 Qd7 24. Kh2 e4 25. a5 b5 26. Nd2 a6 27. Bxc5 h5 28. Be3 h4 29. Bf4 hxg3+ 30. fxg3 Qf5 31. Be3 Ne5 32. Qd1 Bc4 33. Qc2 Rxd2+ 0-1

[Event "II Torneo de las Américas"]
[Site "Buenos Aires"]
[Date "2003.08.28"]
[Round "10"]
[White "Vescovi, Giovanni Portilho"]
[Black "Gulko, Boris F"]
[Result "1-0"]
[WhiteElo "2618"]
[BlackElo "2583"]
[PlyCount "57"]
[EventDate "2003.08.17"]
[Source "Roberto Alvarez"]
[SourceDate "2003.09.01"]

1. e4 c5 2. Nf3 e6 3. d3 Nc6 4. g3 d5 5. Qe2 Nge7 6. Bg2 g6 7. O-O Bg7 8. c3 h6 9. h4 O-O 10. e5 f6 11. exf6 Rxf6 12. Be3 Qd6 13. d4 b6 14. Na3 a6 15. Rad1 Bd7 16. dxc5 bxc5 17. Nd2 Qb8 18. Ne4 Rf7 19. Nxc5 Bc8 20. Rfe1 Qd6 21. Na4 Rb8 22. Nc4 Qc7 23. Bb6 Qb7 24. Nd6 Qd7 25. Nxc8 Nxc8 26. Qxe6 Nxb6 27. Nxb6 Qa7 28. Bxd5 Nd8 29. Qxg6 1-0

[Event "New York"]
[Site "?"]
[Date "1993.??.??"]
[Round "?"]
[White "Kaidanov, G."]
[Black "Zapata, A."]
[Result "1-0"]
[WhiteElo "2620"]
[BlackElo "2580"]
[PlyCount "57"]
[EventDate "1993.??.??"]
[Source "ChessBase"]
[SourceDate "1993.02.01"]

1. e4 c5 2. Nf3 e6 3. d3 d5 4. Nbd2 Nc6 5. g3 g6 6. Bg2 Bg7 7. O-O Nge7 8. Re1 b6 9. c3 a5 10. a4 Ba6 11. exd5 Nxd5 12. Nc4 O-O 13. h4 Qc7 14. h5 Rad8 15. Qe2 Rfe8 16. hxg6 hxg6 17. Ng5 e5 18. Qe4 Bb7 19. Qh4 Nf6 20. Ne4 Nh7 21. g4 Rxd3 22. Bf1 Rd7 23. Re3 Nd8 24. Rh3 Bxe4 25. Qxh7+ Kf8 26. Bh6 f6 27. Re1 Qb7 28. g5 fxg5 29. Qh8+ 1-0

[Event "Tilburg"]
[Site "Tilburg NED"]
[Date "1993.??.??"]
[Round "1"]
[White "Dolmatov, Sergey V"]
[Black "Zapata, Alonso"]
[Result "1-0"]
[WhiteElo "2615"]
[BlackElo "2580"]
[PlyCount "99"]
[EventDate "1993.11.??"]
[Source "www.chesslib.no"]
[SourceDate "2004.05.04"]

1. e4 c5 2. Nf3 e6 3. d3 d5 4. Nbd2 Nc6 5. g3 g6 6. Bg2 Bg7 7. O-O a5 8. Re1 Nge7 9. Nf1 a4 10. e5 Qc7 11. Qe2 h6 12. h4 b5 13. N1h2 h5 14. c3 a3 15. bxa3 Ra4 16. Bb2 Ba6 17. Nf1 Nc8 18. Qe3 Bf8 19. N1d2 Nb6 20. Ng5 Ne7 21. Rad1 Nf5 22. Qe2 Bh6 23. Ngf3 O-O 24. Nb1 Bg7 25. Bc1 Bb7 26. Nbd2 Rfa8 27. Nb3 Nd7 28. Bb2 Qb6 29. Na1 b4 30. c4 bxa3 31. Bc3 Qc7 32. Nb3 Nb6 33. cxd5 Nxd5 34. Ba1 Qb6 35. Rc1 Rc8 36. Nbd2 Ba6 37. Nc4 Qa7 38. Ng5 Rd8 39. Ne4 Nb4 40. Red1 Nc6 41. Nf6+ Bxf6 42. Bxc6 Bxc4 43. dxc4 Ra6 44. Bb5 Be7 45. Rxd8+ Bxd8 46. Bxa6 Qxa6 47. Rb1 Ba5 48. Rb8+ Kg7 49. Qe4 Bb4 50. Qd3 1-0

[Event "II Open Rapid"]
[Site "Canada de Calatrava SPA"]
[Date "2007.04.08"]
[Round "9"]
[White "Movsziszian, K."]
[Black "Ivanchuk, V."]
[Result "0-1"]
[WhiteElo "2445"]
[BlackElo "2750"]
[PlyCount "100"]
[EventDate "2007.04.06"]
[Source "www.chesslib.no"]
[SourceDate "2004.05.04"]

1. Nf3 Nf6 2. g3 d5 3. Bg2 c5 4. O-O Nc6 5. d3 g6 6. Nbd2 Bg7 7. e4 O-O 8. c3 Qc7 9. Re1 e6 10. Qe2 b6 11. Nf1 dxe4 12. dxe4 Bb7 13. e5 Nd5 14. h4 a5 15. N1h2 a4 16. c4 Nde7 17. Ng4 Nf5 18. Bg5 Ncd4 19. Nxd4 Nxd4 20. Qd3 Bxg2 21. Kxg2 Qc6+ 22. f3 Rfb8 23. Rad1 b5 24. cxb5 Rxb5 25. Bc1 Rab8 26. Rd2 Qd5 27. Rf2 Qxa2 28. h5 Qd5 29. h6 Bh8 30. Qd1 Rb3 31. Re3 Kf8 32. Rxb3 Rxb3 33. Bf4 g5 34. Bxg5 Bxe5 35. Be3 Bh8 36. Bc1 Qf5 37. Qf1 Qd3 38. Qe1 Nc6 39. Be3 c4 40. Qc1 Qd5 41. Rd2 Rd3 42. Rxd3 cxd3 43. Nf2 Ke7 44. Qc5+ Qxc5 45. Bxc5+ Kd7 46. Nxd3 Na5 47. Bf8 Bd4 48. Nc5+ Ke8 49. Bd6 Nc4 50. Nb7 Bxb2 0-1

[Event "Nederland (ch)"]
[Site "?"]
[Date "1996.??.??"]
[Round "?"]
[White "Piket, Je"]
[Black "Timman, J."]
[Result "1-0"]
[WhiteElo "2570"]
[BlackElo "2620"]
[PlyCount "87"]
[EventDate "1996.??.??"]
[Source "ChessBase"]
[SourceDate "1996.06.01"]

1. Nf3 c5 2. g3 Nc6 3. Bg2 Nf6 4. O-O e5 5. d3 d5 6. Na3 Be7 7. e4 d4 8. Nc4 Qc7 9. a4 Be6 10. Ne1 Nd7 11. f4 f6 12. Bh3 Bxh3 13. Qh5+ g6 14. Qxh3 Nb6 15. fxe5 fxe5 16. Qe6 Nxc4 17. Qxc4 O-O-O 18. Bh6 Rdg8 19. Rf7 Nd8 20. Rg7 Rxg7 21. Bxg7 Re8 22. Nf3 Bd6 23. Bh6 Qf7 24. Nd2 Qxc4 25. Nxc4 Kd7 26. Rf1 Ne6 27. h4 Bc7 28. h5 Ke7 29. Kg2 b6 30. hxg6 hxg6 31. Bd2 a6 32. b4 Rb8 33. Rh1 b5 34. Rh7+ Kf6 35. axb5 axb5 36. Nb2 Ra8 37. Nd1 Ra2 38. Nf2 g5 39. Ng4+ Kg6 40. Re7 Rxc2 41. Rxe6+ Kg7 42. Re7+ Kf8 43. Rxc7 Rxd2+ 44. Kh3 1-0

[Event "Mainz Ordix Open"]
[Site "?"]
[Date "2002.08.18"]
[Round "11"]
[White "Glek Igor V"]
[Black "Agrest Evgenij"]
[Result "1/2-1/2"]
[WhiteElo "2590"]
[BlackElo "2599"]
[PlyCount "39"]
[EventDate "2002.??.??"]
[Source "www.chesslib.no"]
[SourceDate "2004.05.04"]

1. e4 c5 2. Nf3 e6 3. d3 Nc6 4. g3 d5 5. Qe2 Nge7 6. Bg2 g6 7. O-O Bg7 8. c3 b6 9. Re1 Ba6 10. e5 Qc7 11. a4 Bb7 12. Na3 a6 13. Bd2 O-O 14. h4 Rad8 15. Bf4 d4 16. Nc4 dxc3 17. bxc3 Nd5 18. Bd2 Ba8 19. Rab1 Rb8 20. Na3 1/2-1/2

[Event "Mondiale Junior mas"]
[Site "Gaziantep TUR"]
[Date "2008.08.15"]
[Round "13"]
[White "Amin, B."]
[Black "Mamedov, Rau"]
[Result "1-0"]
[WhiteElo "2561"]
[BlackElo "2627"]
[PlyCount "55"]
[EventDate "2008.08.03"]
[Source "www.chesslib.no"]
[SourceDate "2004.05.04"]

1. Nf3 c5 2. g3 Nf6 3. Bg2 g6 4. O-O Bg7 5. Re1 d5 6. d3 O-O 7. Nbd2 Nc6 8. e4 e6 9. Qe2 b6 10. Nf1 dxe4 11. dxe4 Nd7 12. e5 a5 13. Bf4 Ba6 14. c4 Rc8 15. Rad1 Qe7 16. h4 Nd4 17. Nxd4 cxd4 18. Rxd4 Rc5 19. Bg5 Qe8 20. Qd2 Rxe5 21. Rxe5 Nxe5 22. Rd8 Qa4 23. Be7 Qxc4 24. Bxf8 Nf3+ 25. Bxf3 Qxf1+ 26. Kh2 Bxf8 27. Qd6 Qxf2+ 28. Bg2 1-0

[Event "Manila (izt)"]
[Site "?"]
[Date "1990.??.??"]
[Round "?"]
[White "Dolmatov, S."]
[Black "Sokolov, A."]
[Result "1-0"]
[WhiteElo "2615"]
[BlackElo "2570"]
[PlyCount "129"]
[EventDate "1990.??.??"]
[Source "ChessBase"]
[SourceDate "1990.01.01"]

1. e4 c5 2. Nf3 e6 3. d3 d5 4. Nbd2 Nc6 5. g3 g6 6. Bg2 Bg7 7. O-O Nge7 8. Re1 b6 9. c3 a5 10. Nf1 dxe4 11. dxe4 Qxd1 12. Rxd1 a4 13. Rb1 O-O 14. Bf4 e5 15. Be3 Be6 16. b3 axb3 17. axb3 Rfd8 18. N1d2 f6 19. Bf1 Bf8 20. b4 Ra3 21. bxc5 bxc5 22. Rdc1 Nc8 23. Bc4 Bxc4 24. Nxc4 Ra4 25. Nfd2 Nd6 26. Nb6 Ra2 27. Ra1 Rxa1 28. Rxa1 f5 29. Nd5 fxe4 30. Nf6+ Kf7 31. Nfxe4 Nf5 32. Ra6 Nxe3 33. fxe3 Nb8 34. Rf6+ Ke7 35. Rb6 Nd7 36. Rc6 Ra8 37. Kf2 Ra2 38. Ke2 Kd8 39. Kd3 Be7 40. h4 Nb8 41. Re6 Nd7 42. Nc4 Rg2 43. Na5 Bf8 44. Nc6+ Kc7 45. Nxe5 Nxe5+ 46. Rxe5 Kd8 47. h5 Be7 48. hxg6 hxg6 49. Re6 g5 50. Re5 Kd7 51. Kc4 Rg1 52. Nxg5 Rxg3 53. Ne4 Rh3 54. Nxc5+ Kd8 55. Ne6+ Kd7 56. Nd4 Bf6 57. Rf5 Ke7 58. Kd3 Rh1 59. c4 Ra1 60. Rb5 Ra3+ 61. Ke4 Kd7 62. Rb7+ Kc8 63. Rb3 Ra1 64. Kd5 Rd1 65. c5 1-0